A partir de Beijing: la familia chilena del 2000
Uloženo v:
| Korporativní autor: | |
|---|---|
| Médium: | Kniha |
| Jazyk: | španělština |
| Vydáno: |
Santiago
Chile 21
1998
|
| Témata: | |
| Tagy: |
Přidat tag
Žádné tagy, Buďte první, kdo vytvoří štítek k tomuto záznamu!
|
MARC
| LEADER | 00000nam a2200000 a 4500 | ||
|---|---|---|---|
| 001 | UCM2005 | ||
| 003 | CL-VaPUC | ||
| 005 | 20240401121856.0 | ||
| 008 | 020419e19980000cl 1 spa d | ||
| 082 | 0 | 4 | |a 306.85 |b FUN |2 21 |
| 110 | 2 | |a Fundación Chile 21 |e author |9 620111 | |
| 245 | 1 | 0 | |a A partir de Beijing: la familia chilena del 2000 |
| 260 | |a Santiago |b Chile 21 |c 1998 | ||
| 300 | |a 343 p | ||
| 583 | |a last modification |c 20020419 00:00:00 |k Rodrigo Vera | ||
| 650 | 0 | 0 | |a Familias |9 255641 |
| 650 | 0 | 0 | |a Educación |9 258661 |
| 650 | 0 | 7 | |a ROLES DENTRO DE LA FAMILIA |2 CL-VaPUC |9 338181 |
| 650 | 0 | 7 | |a HOMBRE |2 CL-VaPUC |9 262149 |
| 651 | 7 | |a CHILE |2 CL-VaPUC |9 620112 | |
| 942 | |c BK | ||
| 945 | |a vberengu |d 20020419 00:00:00 | ||
| 546 | |a En Español | ||
| 536 | |a Fundación Chile 21 | ||
| 518 | |p La Familia Chilena del 2000, enero-noviembre, 1996 | ||
| 999 | |c 383770 |d 383768 | ||
| 952 | |0 0 |1 0 |4 0 |6 306_850000000000000_FUN_1998 |7 0 |8 A |9 506026 |a BIBGIM |b BIBGIM |d 2020-01-23 |i 3809293 |o 306.85 FUN 1998 |p 3809293 |r 2025-01-15 |w 2020-01-23 |y BK |k GIM | ||
| 952 | |0 0 |1 0 |4 0 |6 306_850000000000000_FUN_1998 |7 0 |8 A |9 506027 |a BIBEDU |b BIBEDU |d 2020-01-23 |i 4304055 |o 306.85 FUN 1998 |p 4304055 |r 2020-01-23 |w 2020-01-23 |y BK |k EPE | ||